00170nam a22000737a 4500020001600000100002100016245002900037260003000066 a01410502068 aLudwig Bemelmans aMadeline and the bad hat aU.S.AbViking Pressc1956